000 04704nam a22005415i 4500
001 978-3-031-52513-1
003 DE-He213
005 20250103112335.0
007 cr nn 008mamaa
008 240214s2024 sz | s |||| 0|eng d
020 _a9783031525131
_9978-3-031-52513-1
024 _a10.1007/978-3-031-52513-1
_2doi
050 _aTJ1-1570
072 _aTRL
_2bicssc
072 _aTRA006000
_2bisacsh
072 _aTRL
_2thema
082 _a623.8
_223
100 _aOlsen, Alexander.
_eauthor.
_4aut
_4http://id.loc.gov/vocabulary/relators/aut
245 _aShip Operations in Extreme Low Temperature Environments
_h[electronic resource] /
_cby Alexander Olsen.
250 _a1st ed. 2024.
260 _aCham :
_bSpringer Nature Switzerland :
_bImprint: Springer,
_c2024.
300 _aXXXIX, 539 p. 139 illus., 62 illus. in color.
_bonline resource.
336 _atext
_btxt
_2rdacontent
337 _acomputer
_bc
_2rdamedia
338 _aonline resource
_bcr
_2rdacarrier
347 _atext file
_bPDF
_2rda
490 _aSpringer Series on Naval Architecture, Marine Engineering, Shipbuilding and Shipping,
_x2194-8453 ;
_v19
505 _aThe Arctic environment -- Introduction -- The Arctic environment -- Arctic oceanography -- Preparing the vessel for Arctic operations -- Operating in Arctic conditions -- Arctic vessel requirements -- Arctic vessel hull structure materials, welding and coatings -- Arctic vessel hull construction and equipment -- Arctic vessel systems and machinery -- Arctic vessel safety systems -- Requirements for specific vessel types -- Polar class notations -- Structural requirements for polar class vessels -- Machinery requirements for polar class vessels -- Requirements for enhanced polar class notation -- Requirements for vessels intended for navigation in first-year ice -- Baltic ice class notation -- Crew health, safety and welfare -- Extreme low temperature safety -- Extreme low temperature training.
520 _aThis book recognizes the fact that the vessels' intended operational profile may vary as some vessels are intended to operate with the assistance of an ice breaker and others are intended to operate independently. The guidance provided in this book is proposed to apply to all vessels that are designed, equipped and intended to operate in low-temperature environments. Special attention is given to those vessels operating for extended periods in the Arctic regions, as this presents specific and unique challenges for vessels and crew members. The application of the guidance in this book is optional. When a vessel is designed, equipped, built and surveyed in accordance with the relevant class rules, and when found satisfactory during class notation survey, a classification notation may be granted which demonstrates the vessel's compliance with the appropriate class requirements for vessels operating in low-temperature environments. Those vessels that are designed to meet the requirements of an ice class are typically required to meet specific class rules around “strengthening for navigation in ice” or other equivalent and recognized ice class rules. Accordingly, this book also provides guidance related to the requirements which address the duration of emergency electrical power. This extended emergency power duration is expressed in hours and may be appended to the base optional class notations. To provide as much context as possible, this book refers to the most relevant international regulations and standards that are considered to be applicable. It is recommended that readers of this book refer to the most recent text of those regulations and standards when seeking to apply the guidance set out herein, as it is the intent of the book to remain consistent with the pertinent international regulations and standards developed by the global maritime industry.
650 _aMarine engineering.
650 _aTransportation engineering.
650 _aTraffic engineering.
650 _aOceanography.
650 _aMarine Engineering.
650 _aTransportation Technology and Traffic Engineering.
650 _aOcean Sciences.
710 _aSpringerLink (Online service)
773 _tSpringer Nature eBook
776 _iPrinted edition:
_z9783031525124
776 _iPrinted edition:
_z9783031525148
776 _iPrinted edition:
_z9783031525155
830 _aSpringer Series on Naval Architecture, Marine Engineering, Shipbuilding and Shipping,
_x2194-8453 ;
_v19
856 _uhttps://doi.org/10.1007/978-3-031-52513-1
912 _aZDB-2-ENG
912 _aZDB-2-SXE
999 _c12664
_d12664